Primeras noticias acerca de la vegetación americana, suministradas por el almirante Colón y los inmediatos continuadores de las investigaciones dirigidas al conocimiento de las plantas, con un resumen de las expediciones botánicas de los españoles / (Record no. 82053)

MARC details
000 -LEADER
campo de control de longitud fija 01665nam a2200289 i 4500
001 - NÚMERO DE CONTROL
campo de control 82053
003 - IDENTIFICADOR DE NÚMERO DE CONTROL
campo de control ES-MaACL
005 - FECHA Y HORA DE LA ÚLTIMA TRANSACCIÓN
campo de control 20250814081137.0
007 - CAMPO FIJO DE DESCRIPCIÓN FÍSICA--INFORMACIÓN GENERAL
campo de control de longitud fija t|
008 - DATOS DE LONGITUD FIJA--INFORMACIÓN GENERAL
campo de control de longitud fija 041116s1892 sp |||| | spa d
080 ## - NÚMERO DE LA CLASIFICACIÓN DECIMAL UNIVERSAL
Número de la Clasificación Decimal Universal 58(460)(091)
100 1# - ENTRADA PRINCIPAL--NOMBRE DE PERSONA
Nombre de persona Colmeiro, Miguel,
Fechas asociadas al nombre 1816-1901
9 (RLIN) 39771
245 10 - MENCIÓN DEL TÍTULO
Título Primeras noticias acerca de la vegetación americana, suministradas por el almirante Colón y los inmediatos continuadores de las investigaciones dirigidas al conocimiento de las plantas, con un resumen de las expediciones botánicas de los españoles /
Mención de responsabilidad, etc. conferencias del doctor Miguel Colmeiro, una leída el 21 de abril y otra pronunciada el 11 de mayo de 1892.
260 ## - PUBLICACIÓN, DISTRIBUCIÓN, ETC.
Lugar de publicación, distribución, etc. Madrid :
Nombre del editor, distribuidor, etc. [s.n.],
Fecha de publicación, distribución, etc. 1892 (
Fabricante Sucesores de Rivadeneyra)
300 ## - DESCRIPCIÓN FÍSICA
Extensión 49 p. ;
Dimensiones 25 cm.
500 ## - NOTA GENERAL
Nota general Forma parte de: "El continente americano : conferencias dadas en el Ateneo Científico, Literario y Artístico de Madrid con motivo del Cuarto Centenario del Descubrimiento de América". Madrid, 1894; tít. que agrupa todas las conferencias del ciclo en 3 v., cada una de ellas con port. y año propios; esta publicación pertenece al v. 3.
500 ## - NOTA GENERAL
Nota general Precede al tít.: Ateneo de Madrid.
610 24 - PUNTO DE ACCESO ADICIONAL DE MATERIA--NOMBRE DE ENTIDAD CORPORATIVA
Nombre de entidad corporativa o nombre de jurisdicción como elemento de entrada Ateneo de Madrid-
Subdivisión de forma Conferencias-
Subdivisión cronológica S.XIX.
9 (RLIN) 1910
610 24 - PUNTO DE ACCESO ADICIONAL DE MATERIA--NOMBRE DE ENTIDAD CORPORATIVA
Nombre de entidad corporativa o nombre de jurisdicción como elemento de entrada Ateneo de Madrid-
Subdivisión de forma Obras digitalizadas.
9 (RLIN) 1930
650 #4 - PUNTO DE ACCESO ADICIONAL DE MATERIA--TÉRMINO DE MATERIA
Término de materia o nombre geográfico como elemento de entrada Flora-
Subdivisión geográfica América.
9 (RLIN) 142305
650 #7 - PUNTO DE ACCESO ADICIONAL DE MATERIA--TÉRMINO DE MATERIA
Término de materia o nombre geográfico como elemento de entrada Botánica-
Subdivisión geográfica España
Fuente del encabezamiento o término
9 (RLIN) 141828
650 #4 - PUNTO DE ACCESO ADICIONAL DE MATERIA--TÉRMINO DE MATERIA
Término de materia o nombre geográfico como elemento de entrada Expediciones científicas-
Subdivisión geográfica España.
9 (RLIN) 154502
740 32 - ENTRADA AGREGADA--TÍTULO RELACIONADO/ANALÍTICO NO CONTROLADO
Título relacionado o analítico no controlado El continente americano.
852 4# - LOCALIZACIÓN
Ubicación ES-MaACL
Número de control de estantería R-2605(3)
856 4# - LOCALIZACIÓN Y ACCESO ELECTRÓNICOS
Identificador Uniforme de Recursos <a href="http://www.ateneodemadrid.com/biblioteca_digital/folletos/Folletos-0057.pdf">http://www.ateneodemadrid.com/biblioteca_digital/folletos/Folletos-0057.pdf</a>
Nota pública Ver documento
Holdings
Estatus retirado Estado de pérdida Estado de daño No para préstamo Colección Biblioteca de origen Biblioteca actual Ubicación en estantería Fecha de adquisición Fuente de adquisición Total de préstamos Signatura topográfica completa Código de barras Visto por última vez Precio de reemplazo Tipo de ítem Koha
        Colección digital Biblioteca del Ateneo de Madrid Biblioteca del Ateneo de Madrid Depósito 17/01/2008     R-2605(3) 1085761 23/02/2023 23/02/2023 Libro impreso antiguo